zpět

Detail výsledku týmu

Pivovarský Dvůr ST, Liberec

Datum a čas kvízu

30 Celkem bodů Celkový počet nahraných bodů na tomto kvízu bez doplňovacích otázek.
8. Pořadí na kvízu Konečné umístění týmu na tomto kvízu.

Zaznamenané odpovědi

# Otázka Odpověď Body Výsledky
1. Ve středu byl do vedení Poslan... Jan Bartošek; KDU-ČSL 1
2. Zohran Mamdani se minulý týden... bude starostou New Yorku 1
3. Nejvíce sexy mužem světa za ro... Jonathan Bailey 0
4. Která velká čínská firma prodá... Shein 1
5. V sobotu byly vyhlášeny výsled... Jan Štefela 1
6. První novodobé hry se konaly v... C 0
7. U maratonu ještě zůstaneme. Me... v Římě, běžel bosky 1
8. V roce 1976 v Montrealu k finá... 14 let (13 nebo 15 let za půl bodu) 0.5
9. Nyní se přeneseme na olympijsk... Kateřina Kůrková, Matthew Emmons 1
10. Na závěr postupně uslyšíte tři... 3, 2, 1 0